Riconosci la Squadra di calcio - Quiz n°291 - Statistics

Statistiche generali
  • Questo quiz è stato fatto 20 volte
  • Il punteggio medio è 6 su 9
Statistiche sulle risposte
Indizio Risposta % Corretto
Titoli nazionali 23 Campionati israeliani
95%
Colori sociali Blu, giallo
90%
Divisione nazionale 2023-2024 Prima
80%
Confederazione UEFA
75%
Trofei internazionali 2 AFC Champions League
70%
Capienza Stadio 29 400 posti
65%
Trofei nazionali 24 Coppe d'Israele
7 Supercoppe d'Israele
7 Coppe Toto
60%
Fondazione 1906
55%
Squadra Maccabi Tel Aviv
55%
Nessun quiz corrispondente trovato
Distribuzione punteggi
Percentuale di utenti per punteggio
Percentile per numero di risposta
I tuoi punteggi nel tempo
Non hai fatto questo quiz